000 00596nam a22002417a 4500
003 UA-OsUOA
001 27562
007 ta
008 20040906b un ||||| |||| 00| 0 ukr d
100 _aВысоцкий З.З.
090 _a54
_bВ93
942 _cBK
040 _aUA-OsUOA
_brus
_cUA-OsUOA
_dUA-OsUOA
245 _aОчерк истории химии дисперсных кремнеземов
300 _a185 с.
955 _a0
041 _arus
080 _a54
260 _aКиев
_bНаукова думка
_c1971
044 _aUA
650 7 _2UDC
999 _c313909
_d313909